000 00962nam a2200181Ia 4500
008 151202s9999||||xx |||||||||||||| ||und||
082 _bPNVM-64921
100 _aहुसेन एस. अबीद-अनु.देशपांडे केजकर प्रकाश.
245 _aभारताची राष्ट्रीय संस्कृती.
260 _b"नॅशनल बुक ट्रस्ट इंडिया, नवी दिल्ली."
260 _c2004
300 _a152
600 _aहुसेन एस. अबीद-अनु.देशपांडे केजकर प्रकाश.
630 _aभारताची राष्ट्रीय संस्कृती.
700 _aहुसेन एस. अबीद-अनु.देशपांडे केजकर प्रकाश.
730 _aभारताची राष्ट्रीय संस्कृती.
942 _cBOOK
999 _c1331454
_d1331451